| 000 | 01332cam a22002054a 4500 | ||
|---|---|---|---|
| 005 | 20250605163947.0 | ||
| 008 | 250528s ||||||||||||||||||||||||d | ||
| 035 | _a15232 | ||
| 020 | _a412414805 | ||
| 040 |
_aGR-AtMCL _bgre _dGR-AtMCL _eAACR2 |
||
| 245 | 1 | _aInvestment Appraisal and Financing Decisions / Student's Manual: Fourth Edition | |
| 250 | _a4th | ||
| 260 |
_bChapman & Hall, _c1991 |
||
| 300 | _a142 | ||
| 520 | _aThis book is the students' manual which accompanies the fourth edition of the UK's most consistently successful text on investment appraisal. Introduction, Traditional methods of investment appraisal, The single-period investment-consumption decision model, The discounted cash flow approach, Net present value and internal rate of return, Project appraisal cash flows, Capital market imperfections, Risk and expected return, Portfolio theory, The capital asset pricing model, Traditional approaches to risk, The cost of company capital, The weighted average cost of capital, The capital structure decision in a no-tax world, Capital structure in a world with tax, The capital structure decision in practice, Investment in financing decision interactions, Overseas capital investments, The dividend decision. | ||
| 700 | 1 |
_aLumby Stephen _91119 |
|
| 942 | _cBK | ||
| 999 |
_c825 _d825 |
||